MARC details
| 000 -CABECERA |
| campo de control de longitud fija |
02958nab a2200325 a 4500 |
| 005 - FECHA Y HORA DE LA ÚLTIMA TRANSACCIÓN |
| campo de control |
20250303093749.0 |
| 008 - ELEMENTOS DE LONGITUD FIJA--INFORMACIÓN GENERAL |
| campo de control de longitud fija |
991125c2017 cr tr p o 000 0 spa d |
| 035 ## - NÚMERO DE CONTROL DEL SISTEMA |
| Número de control de sistema |
UPN01000220203 |
| 040 ## - FUENTE DE LA CATALOGACIÓN |
| Centro catalogador/agencia de origen |
UPN |
| Lengua de catalogación |
spa |
| Centro/agencia transcriptor |
UPN |
| Normas de descripción |
aacr2 |
| 049 ## - COLECCIÓN |
| Colección |
ART-E |
| 100 1# - ASIENTO PRINCIPAL--NOMBRE PERSONAL |
| Nombre de persona |
Denegri Coria, Marianela |
| Enlace |
- marianela.denegri@ufrontera.cl |
| 100 1# - ASIENTO PRINCIPAL--NOMBRE PERSONAL |
| Nombre de persona |
Caro Vallejos, Claudia |
| 100 1# - ASIENTO PRINCIPAL--NOMBRE PERSONAL |
| Nombre de persona |
Cerda Figueroa, María Isabel |
| 100 1# - ASIENTO PRINCIPAL--NOMBRE PERSONAL |
| Nombre de persona |
Eschmann Gacitúa, Katya |
| 100 1# - ASIENTO PRINCIPAL--NOMBRE PERSONAL |
| Nombre de persona |
Martínez Guaiquil, Nathaly |
| 100 1# - ASIENTO PRINCIPAL--NOMBRE PERSONAL |
| Nombre de persona |
Sepúlveda Aravena, Jocelyne |
| 245 10 - MENCIÓN DE TÍTULO |
| Título |
Relación entre actitudes hacia el endeudamiento y discrepancia del yo en estudiantes de pedagogía chilenos |
| Medio |
[recurso electrónico en línea] |
| 506 0# - NOTA DE RESTRICCIONES AL ACCESO |
| Limitaciones de acceso |
Acceso abierto |
| 520 3# - NOTA DE RESUMEN, ETC. |
| Sumario, etc. |
La globalización ha trastocado diferentes normas y dinámicas sociales, dando énfasis a prácticas asociadas al consumo y al endeudamiento. En el presente artículo, resulta de particular interés el segmento de jóvenes universitarios estudiantes de pedagogía debido a que; por un lado, son ciudadanos activos y a la vez son responsables de la formación de nuevos ciudadanos. En este marco, este estudio pretendió establecer la asociación entre variables demográficas, discrepancia del yo y la actitud hacia el endeudamiento en estudiantes de las carreras de Pedagogía en Matemática, Castellano e Historia de las zonas norte, centro y sur de Chile. Se utilizó una muestra de 1085 estudiantes universitarios de pedagogía de ambos sexos pertenecientes a universidades del Consejo de Rectores de las Universidades Chilenas. Se empleó un diseño cuantitativo de tipo descriptivo-correlacional. Se aplicaron dos instrumentos: Escala de Actitudes hacia el Endeudamiento y Escala de Discrepancia del yo. Los resultados indican una correlación positiva entre las distintas dimensiones de discrepancia del yo y la actitud hedonista hacia el endeudamiento. En cuanto a la actitud austera hacia el endeudamiento, está correlacionada negativamente con la discrepancia del yo a nivel social. Respecto a diferencias de género, se aprecia que las mujeres son quienes presentan mayor actitud austera. La importancia de indagar este fenómeno remite a la prevención de situaciones de endeudamiento y la promoción de acciones organizadas al adquirir bienes y/o servicios por medio de la consideración de pautas y dinámicas de las sociedades postmodernas, que refuercen, además, el rol modelador de comportamientos financieros de los docentes en sus estudiantes. |
| 650 #4 - ASIENTO SECUNDARIO DE MATERIA - TERMINO TEMATICO |
| 9 (RLIN) |
32 |
| Término de materia o nombre geográfico como elemento de entrada |
Educación superior |
| 650 #4 - ASIENTO SECUNDARIO DE MATERIA - TERMINO TEMATICO |
| Término de materia o nombre geográfico como elemento de entrada |
Estudiantes |
| 9 (RLIN) |
13250 |
| 653 0# - TERMINO DE INDIZACION - NO CONTROLADO |
| Término no controlado |
Endeudamiento |
| 653 0# - TERMINO DE INDIZACION - NO CONTROLADO |
| Término no controlado |
Formación docente |
| 773 ## - ENLACE AL DOCUMENTO FUENTE/ENTRADA DE REGISTRO ANFITRIÓN |
| Parte(s) relacionada(s) |
Vol. 17, no. 3 (2017), p. 1-28 |
| Título |
Actualidades investigativas en educación |
| Número Internacional Normalizado para Publicaciones Seriadas |
1409-4703 |
| 856 4# - LOCALIZACIÓN Y ACCESO ELECTRÓNICOS |
| Identificador Uniforme del Recurso |
<a href="https://revistas.ucr.ac.cr/index.php/aie/article/view/29248/29199">https://revistas.ucr.ac.cr/index.php/aie/article/view/29248/29199</a> |
| 856 4# - LOCALIZACIÓN Y ACCESO ELECTRÓNICOS |
| Identificador Uniforme del Recurso |
<a href="http://dx.doi.org/10.15517/aie.v17i3.29248">http://dx.doi.org/10.15517/aie.v17i3.29248</a> |
| 902 ## - ELEMENTOS DE DATOS B LOCAL, LDB (RLIN) |
| Creó |
Gloria Jiménez/0624 |
| 905 ## - TIPO DE MATERIAL |
| Tipo de material |
Articulo |
| 942 ## - ELEMENTOS DE PUNTO DE ACCESO ADICIONAL (KOHA) |
| Tipo de ítem Koha |
Artículo Electrónico |